| 000 | 00731cab a2200229 4500 | ||
|---|---|---|---|
| 001 | ABS49516 | ||
| 008 | 090401t1993 xxu||||| |||| 00| 0 eng d | ||
| 035 | _a(Sirsi) u71669 | ||
| 041 | _aeng | ||
| 100 | _aJones, P. F. | ||
| 245 | _aUpward and downward rent reviews: sauce for the goose or horses for courses? | ||
| 260 | _c1993 | ||
| 350 | _a0 | ||
| 490 |
_aRent Review & Lease Renewal _v13(4) 1993, 279-283(5) |
||
| 520 | _aDiscusses the controversy surrounding the concept of upwards-only rent reviews and adds a historical perspective. | ||
| 650 | _aCONFIDENTIALITY CLAUSES | ||
| 650 | _aRENT REVIEWS | ||
| 650 | _aUPWARDS-ONLY | ||
| 690 | _aLANDLORD AND TENANT-RENT REVIEWS | ||
| 942 | _n0 | ||
| 948 | _c04/03/1997 | ||
| 999 |
_c45214 _d45214 |
||